Bhutan Trivia Quiz - Statistieken

Algemene statistieken
  • Deze quiz is 297 keer genomen
  • De gemiddelde score is 14 van 20
Antwoordstatistieken
Hint Antwoord % Correct
Aangrenzende landen China
95%
Aangrenzende landen India
94%
Bergketen waarin Bhutan zich bevindt Himalaya
93%
Staatsreligie Boeddhisme
88%
Bhutan en Suriname zijn de enige landen ter wereld die hiervan meer absorberen dan uitstoten Koolstofdioxide
85%
Dit soort mensen moet minstens $200 per dag betalen om in Bhutan te zijn Toeristen
80%
Gangkhar Puensum wordt algemeen beschouwd als de hoogste berg ter wereld die nog nooit is _____ Beklommen
79%
Oude handelsweg die door Bhutan liep {Zijde}route
78%
Dier dat afgebeeld is op de vlag Draak
77%
Internationale instantie waar Bhutan pas in 1971 lid van werd Verenigde Naties
75%
Hoofdstad Thimphu
73%
Slechts drie landen hebben dit soort diplomatieke gebouwen in Bhutan Ambassade
69%
Officiële naam van Bhutan {Koninkrijk} Bhutan
67%
In 2010 werd Bhutan het eerste land dat de verkoop van dit ongezonde product verbood Tabak
64%
Bhutan heeft de hoogste gemiddelde ______ van alle landen Hoogte
63%
Functie van Jigme Khesar sinds 2005 Koning
58%
Veel landen meten het Bruto Nationaal Product. Wat meet Bhutan ook? Bruto Nationaal {Geluk}
54%
Officiële taal {Dzong}kha
34%
Bhutan is het enige land waar dit de meest populaire sport is Boogschieten
33%
Voormalige hoofdstad tot 1955 Punakha
19%
Geen overeenkomende quizzen gevonden
Scoreverdeling
Procent van Mensen met Elke Score
Percentiel versus Aantal Correcte Antwoorden
Uw Scoregeschiedenis
U heeft deze quiz nog niet genomen